Music Quiz

Random Music or Album Quiz
Score 0/40 Timer 15:00
0 Plays Today
Time Artist % Correct
0:10Taylor Swift
90%
3:50Drake
87%
0:00Eminem
86.9%
4:30Eminem
86.9%
0:30Camila Cabello
84.9%
2:10Cardi B
83.5%
4:10Ariana Grande
83.1%
2:40Post Malone
77.3%
3:00Shawn Mendes
74.8%
3:40Panic! at the Disco
73.4%
2:00The Weeknd
72.5%
5:20Lady Gaga and Bradley Cooper
72.1%
1:10Kendrick Lamar and various artists
61.4%
0:20(Soundtrack - The Greatest Showman)
60.6%
3:305 Seconds of Summer
56.4%
2:50BTS
56.1%
4:20BTS
56.1%
6:20XXXTentacion
55%
1:40XXXTentacion
54.8%
3:10Kanye West
52.4%
Time Artist % Correct
0:50Migos
52.3%
4:00Travis Scott
49.8%
4:50Carrie Underwood
45.3%
0:40Fall Out Boy
43.3%
1:00Justin Timberlake
40%
5:10Lil Wayne
39.8%
2:30J. Cole
36.2%
6:30Kodak Black
35.4%
5:30Andrea Bocelli
34.6%
1:30Logic
29.2%
1:20Bon Jovi
26%
6:00Mumford & Sons
25.5%
6:10Meek Mill
25.3%
2:20Jason Aldean
17.3%
5:50Kane Brown
14.5%
5:40Metro Boomin
14.5%
5:00Brockhampton
11%
1:50Jack White
9.5%
4:40Paul McCartney
9%
3:20Dave Matthews Band
8.9%
Remove Ads.
Support Sporcle.
Get the best of Sporcle when you Go Orange. This ad-free experience offers more features, more stats, and more fun while also helping to support Sporcle. Thank you for becoming a member.

You're not logged in!

Compare scores with friends on all Sporcle quizzes.
OR
Log In

Show Comments

Extras

Top Quizzes Today


Score Distribution

Your Account Isn't Verified!

In order to create a playlist on Sporcle, you need to verify the email address you used during registration. Go to your Sporcle Settings to finish the process.

Report this User

Report this user for behavior that violates our Community Guidelines.

Details: